Ciclo económico forestal : asistencia técnica en aserraderos /
Documento del Programa de Desarrollo Forestal de Jalisco (PRODEFO) que propone técnicas para mejorar los procesos de producción en los aserraderos, ante la existencia de maquinaria en un estado de semi-obsolescencia y los pocos avances tecnológicos de la nueva.
Guardat en:
| Autor principal: | |
|---|---|
| Altres autors: | |
| Format: | Llibre |
| Idioma: | espanyol |
| Col·lecció: | (Documento Técnico ;
13) |
| Matèries: | |
| Etiquetes: |
Sense etiquetes, Sigues el primer a etiquetar aquest registre!
|
MARC
| LEADER | 00000nam^a2200000^a^4500 | ||
|---|---|---|---|
| 001 | 000121479 | ||
| 005 | 20250521000000.0 | ||
| 009 | 20260310094427.356 | ||
| 037 | |a Acervo ITESO - Biblioteca | ||
| 041 | |a ESP | ||
| 082 | |a 338. 17498097235 |b CIC 1998 V. 6 | ||
| 100 | |a González Bustamante, Alejandro |e (autor) | ||
| 240 | 1 | 1 | |a [Ciclo económico forestal] |
| 245 | 1 | 0 | |a Ciclo económico forestal : |b asistencia técnica en aserraderos / |c A. González Bustamante, O. Wettling González. |
| 264 | |a Guadalajara, México : |b Gobierno del Estado de Jalisco, Programa de Desarrollo Forestal, |c 1998 | ||
| 300 | |a 32 p. | ||
| 336 | |a texto |b txt |2 rdacontenido | ||
| 337 | |a sin mediación |b n |2 rdamedio | ||
| 338 | |a volumen |b nc |2 rdasoporte | ||
| 440 | 1 | |a (Documento Técnico ; |v 13) | |
| 520 | |a Documento del Programa de Desarrollo Forestal de Jalisco (PRODEFO) que propone técnicas para mejorar los procesos de producción en los aserraderos, ante la existencia de maquinaria en un estado de semi-obsolescencia y los pocos avances tecnológicos de la nueva. | ||
| 649 | |a XX | ||
| 650 | |a Madera | ||
| 650 | |a Maquinaria de Carpintería | ||
| 650 | |a Maquinaria en la Industria | ||
| 650 | |a Aserraderos | ||
| 650 | |a Aserraderos - |x Equipo y Aparatos | ||
| 650 | |a Industria Maderera | ||
| 650 | |a Programas Gubernamentales - |z Jalisco | ||
| 650 | |a Economía - |z Jalisco | ||
| 700 | |a Wettling González, Oscar |e (autor) | ||
| 910 | |a Fondo General | ||
| 920 | |a Impresos - Libros | ||
| 930 | |a Colección General | ||
| 905 | |a 101 | ||
| 901 | |a 0500056068 |b IT1 |c ACC |u 20250521 | ||
| 902 | |a https://opac.biblio.iteso.mx/vufind/Record/000121479 | ||